| 000 | 01186nam a22002657a 4500 | ||
|---|---|---|---|
| 001 | 9877 | ||
| 003 | FISKH | ||
| 005 | 20260311092114.0 | ||
| 008 | 260311b cb ||||| |||| 00| 0 eng d | ||
| 020 | _a9781407584539 | ||
| 040 |
_aFISKH _beng _cFISKH _dFISKH |
||
| 082 | _a398.2 | ||
| 100 | _aDisney Interprises , Inc . | ||
| 245 |
_aBeauty and the beast : _bA magical story / _cBy Disney Interprises , Inc . |
||
| 250 | _aFirst published by Parragon in 2010 | ||
| 260 |
_aBath : _bParragon , _c2010 . |
||
| 300 |
_a27 unnumbered pages : _bcolor illustrations ; _c22 cm . |
||
| 505 | _aK | ||
| 520 | _aWhen Belle stumbles across a little lost puppy in the forest she decides to take him home with her. The puppy is cute and loveable. But unfortunately not everyone agrees with her sentiment, and Beast banishes it from the castle into the forest. Will Belle and Lumiere be able to rescue him back from the forest? Will they be able to convince the Beast to keep the puppy? Or will the wolves get in the way of a happy ending? | ||
| 521 | 8 |
_a510
_bLexile estimate |
|
| 521 | 8 |
_aK
_bRaz-Plus |
|
| 650 |
_aBelle _vFiction |
||
| 942 |
_2ddc _cBK _n0 |
||
| 999 |
_c9877 _d9877 |
||